Normal view
MARC view
- Buscaglione Fred
Entry Personal Name
001 - CONTROL NUMBER
- control field: 6528
003 - CONTROL NUMBER IDENTIFIER
- control field: IT-RoPau
005 - DATE AND TIME OF LATEST TRANSACTION
- control field: 20131220150332.0
008 - FIXED-LENGTH DATA ELEMENTS
- fixed length control field: 131220|| aca||aabn | a|a d
040 ## - CATALOGING SOURCE
- Original cataloging agency: IT-RoPau
- Transcribing agency: IT-RoPau
100 ## - HEADING--PERSONAL NAME
- Personal name: Buscaglione Fred
- Dates associated with a name: Codice autore SPICS: 1133
- Relator term: Autore
- Name of part/section of a work: I Found My Love in Portofino
670 ## - SOURCE DATA FOUND
- Source citation: Work cat.: (IT-RoPau)99796: AA.VV. Autore musica Codice autore musica SPICS: 12000 829, Summertime in Venezia (Lp Vpas 886), 1970 [1a Ed.:1970]